Normal view
MARC view
- Tahir Mustafa Muhammad Tahir Mustafa. Prof
Entry Personal Name
001 - CONTROL NUMBER
- control field: 77159
003 - CONTROL NUMBER IDENTIFIER
- control field: NUST
005 - DATE AND TIME OF LATEST TRANSACTION
- control field: 20210628205827.0
008 - FIXED-LENGTH DATA ELEMENTS
- fixed length control field: 210628|| aca||aabn | a|a d
040 ## - CATALOGING SOURCE
- Original cataloging agency: NUST
- Transcribing agency: NUST
100 ## - HEADING--PERSONAL NAME
- Personal name: Tahir Mustafa Muhammad Tahir Mustafa. Prof
670 ## - SOURCE DATA FOUND
- Source citation: Work cat.: (NUST): Tahir Mustafa Muhammad Tahir Mustafa. Prof, Seerat-ul-rasool fee asmay-e-alrasool peace be upon him, 1998
